[Event "West Attica-ch U16 8th"]
[Site "Attica"]
[Date "2012.09.05"]
[Round "4.2"]
[White "Kartalidis, Ioannis"]
[Black "Kapellas, Nikiforos Dimitrios"]
[Result "0-1"]
[WhiteElo "1005"]
[BlackElo "1090"]
[PlyCount "30"]
[EventDate "2012.09.04"]
[EventType "tourn"]
[EventRounds "7"]
[EventCountry "GRE"]
[SourceTitle "EXT 2024"]
[Source "ChessBase"]
[SourceDate "2023.10.10"]
[SourceVersion "1"]
[SourceVersionDate "2023.10.10"]
[SourceQuality "1"]

1. e4 e5 2. Nf3 Nf6 3. Nc3 Bb4 4. Bb5 c6 5. Bc4 0-0 6. 0-0 d6 7. d3 Bg4 8. Bg5 h6 9. Bxf6 Qxf6 10. Qe2 c5 11. Nb5 Nc6 12. Qd2 Bxd2 13. Rad1 Qg6 14. Rxd2 Bxf3 15. Bd5 Qxg2# 0-1